Países que empiezan por L - Estadísticas

Estadísticas generales
  • Esta prueba ha sido intentada 356 veces
  • La puntuación promedio es 7 de 9
Estadísticas de respuestas
Respuesta % Correcto
Lituania
95%
Letonia
94%
Laos
84%
Luxemburgo
83%
Liberia
80%
Libia
80%
Líbano
78%
Liechtenstein
78%
Lesoto
77%
No se encontraron pruebas coincidentes
Distribución de puntuación
Porcentaje de gente con cada puntuación
Porcentaje por número respondido
Historial de tus puntuaciones
No has intentado esta prueba.